000 00282nam a22001337a 4500
008 171101b xxu||||| |||| 00| 0 eng d
020 _a9780324288520
041 _aeng
080 _a33
100 _a59
101 _aGLO
245 _aGLOBAL STRATEGY
_cPENG.M.W
942 _2udc
_cBK
999 _c37095
_d37095